000 00502nam a2200181Ia 4500
003 GCL
008 140319s9999 xx 000 0 eng d
040 _aGCL /
_cGCL
082 0 4 _a620.112
_bBA
100 1 _aSCHMIDT, RICHARD J.
245 1 0 _aADVANCED MECHANICS OF MATERIALS /
_cSCHMIDT, RICHARD J.
700 1 _aSIDEBOTTOM, OMER M.
700 1 _aBORESI, ARTHUR P.
260 _a[S.N] :
_bJOHN WILEY AND SONS. INC ،
_c1993
300 _a809 P
650 0 4 _aSTRENGTH - MATERIALS
942 _2ddc
_cBK
999 _c10732
_d10732